| 000 | 00351nam a22001337a 4500 | ||
|---|---|---|---|
| 020 | _a81-86247-38-6 | ||
| 041 | _aENG | ||
| 100 | _aBelcher.B.M | ||
| 245 | _aThe Bamboo and Rattan Sectors in Asia;an Analysis of Production to Consumption Systems ( Working Paper No;22) | ||
| 260 |
_aNew Delhi _bINBAR _c1998 |
||
| 300 | _a84 | ||
| 650 | _aFS | ||
| 856 | _uFS | ||
| 999 |
_c796 _d796 |
||